Normal view
MARC view
Entry Personal Name
001 - CONTROL NUMBER
- control field: 15164
003 - CONTROL NUMBER IDENTIFIER
- control field: OSt
005 - DATE AND TIME OF LATEST TRANSACTION
- control field: 20200107125536.0
008 - FIXED-LENGTH DATA ELEMENTS
- fixed length control field: 200107|| aca||aabn | a|a d
040 ## - CATALOGING SOURCE
- Original cataloging agency: OSt
- Transcribing agency: OSt
100 ## - HEADING--PERSONAL NAME
- Personal name: Quddusi, Kazi SM Khasrul Alam
670 ## - SOURCE DATA FOUND
- Source citation: Work cat.: (OSt): Quddusi, Kazi SM Khasrul Alam, Politics and society in Bangladesh: Dominant dimensions
